ბათუმის შოთა რუსთაველის სახელმწიფო უნივერსიტეტის ბიბლიოთეკა

მარკეტინგის საფუძვლები (ბიბ.ჩანაწერი № 55203)

000 -LEADER
fixed length control field 01272nam a2200265Ia 4500
001 - CONTROL NUMBER
control field 22278
003 - CONTROL NUMBER IDENTIFIER
control field GE_BSU
008 - FIXED-LENGTH DATA ELEMENTS--GENERAL INFORMATION
fixed length control field 181216s||||||||xx |||||||||||||| ||und||
020 ## - INTERNATIONAL STANDARD BOOK NUMBER
International Standard Book Number 9789941272608
040 ## - CATALOGING SOURCE
Transcribing agency GE_BSU
080 ## - UNIVERSAL DECIMAL CLASSIFICATION NUMBER
Universal Decimal Classification number 339.13(075.8)
100 ## - MAIN ENTRY--PERSONAL NAME
Personal name ღურწკაია კ. ი., ქუთათელაძე რ., გოგოლაძე მ. შ. [და სხვ.]
245 ## - TITLE STATEMENT
Title მარკეტინგის საფუძვლები
245 ## - TITLE STATEMENT
Remainder of title ლექციების კურსი მაგისტრანტებისა და დოქტორანტებისთვის
245 ## - TITLE STATEMENT
Statement of responsibility, etc. რედაქტორი ე. ბარათაშვილი
250 ## - EDITION STATEMENT
Edition statement საქ. ტექნ. უნ-ტი, ბიზნესტექნოლოგიების ფაკ-ტი, ბიზნეს ადმინისტრირების დეპარტამენტი.
260 ## - PUBLICATION, DISTRIBUTION, ETC.
Place of publication, distribution, etc. თბილისი
260 ## - PUBLICATION, DISTRIBUTION, ETC.
Name of publisher, distributor, etc. საქ. ტექნ. უნ-ტი
260 ## - PUBLICATION, DISTRIBUTION, ETC.
Date of publication, distribution, etc. 2017
300 ## - PHYSICAL DESCRIPTION
Extent 506 გვ. : ნახ. ; 28 სმ.
653 ## - INDEX TERM--UNCONTROLLED
Uncontrolled term ეკონომიკა
653 ## - INDEX TERM--UNCONTROLLED
Uncontrolled term მარკეტინგის საფუძვლები
942 ## - ADDED ENTRY ELEMENTS (KOHA)
Koha item type წიგნი
ეგზემპლარები
Withdrawn status Lost status Damaged status Not for loan Date acquired Barcode Date last seen Price effective from Koha item type
        2018-12-17 57390 2018-12-17 2018-12-17 წიგნი